000 00298nam a22001337a 4500
008 170315b xxu||||| |||| 00| 0 eng d
020 _a0870412809
041 _aeng
080 _a591
100 _a7
101 _aSHM
245 _aBASIC & CLINICAL ENDOCRINOLOGY
_cGREENSPAN, F.S
942 _2udc
_cBK
999 _c7820
_d7820